[Event "Bled op"]
[Site "Bled"]
[Date "1995.??.??"]
[Round "3"]
[White "Ankerst, Mihael"]
[Black "Bukal, Vladimir Jr"]
[Result "1/2-1/2"]
[WhiteElo "2270"]
[BlackElo "2335"]

1.e4 e6 2.d4 d5 3.Nc3 Bb4 4.e5 Ne7 5.a3 Bxc3+ 6.bxc3 c5 7.Qg4 Qc7 8.Qxg7 Rg8
9.Qxh7 cxd4 10.Ne2 Nbc6 11.f4 Bd7 12.Qd3 dxc3 13.Qxc3 O-O-O 14.Rb1 Nf5 15.g3 d4
16.Qc5 b6 17.Qc4 Nce7 18.Qxc7+ Kxc7 19.Bg2 Ba4 20.Be4 Bc6 21.Bxc6 Nxc6 22.Kd2 Na5
23.Rb4 Rd5 24.Rg1 Nc6 25.Rb3 Rc5 26.Rd3 Rh8 27.h4 b5 28.c3 dxc3+ 29.Nxc3 Ncd4
30.Rd1 Rg8 31.Ke1 Nc2+ 32.Kf2 Nxg3 33.Rg1 Rd8 34.Rxd8 Rxc3 35.Rf8 Ne4+ 36.Kg2 Nd4
37.Rxf7+ Kc6 38.Rf1 Rg3+ 39.Kh2 Nf3+ 40.Rxf3 Rxf3 41.Rg7 Rf1 42.Rg1 Rxg1
43.Kxg1 Ng3 44.Kg2 Nf5 45.Kh3 Kd7 46.Kg4 Ke8 47.Kg5 Kf7 48.Bb2 Kg7 49.h5 Nh6
50.Bc3 Nf7+ 51.Kg4 Nh6+ 52.Kg5 Nf7+ 53.Kg4 Nh6+  1/2-1/2

[Event "Bodensee-Cup"]
[Site "Bodensee"]
[Date "1995.??.??"]
[Round "?"]
[White "Grund, Holger"]
[Black "Doettling, Fabian"]
[Result "1-0"]
[WhiteElo "2345"]
[BlackElo "2180"]

1.e4 e6 2.d4 d5 3.Nc3 Bb4 4.e5 Qd7 5.Bd2 b6 6.Bb5 c6 7.Ba4 a5 8.a3 Bf8 9.Nce2 Ba6
10.c3 Ne7 11.Bc2 c5 12.f4 h5 13.Nf3 Nbc6 14.Be3 Nf5 15.Qd2 g6 16.g3 Rc8 17.Kf2 Nce7
18.h3 Qb5 19.Rae1 Nxe3 20.Kxe3 Nf5+ 21.Kf2 Be7 22.a4 Qc6 23.g4 Bxe2 24.Qxe2 Nh4
25.Bd3 c4 26.Bc2 Nxf3 27.Kxf3 Kd7 28.Qe3 Rcg8 29.f5 hxg4+ 30.hxg4 gxf5 31.gxf5 exf5
32.Bxf5+ Kc7 33.Rxh8 Rxh8 34.e6 f6 35.Rg1 Qe8 36.Qf4+ Kc6 37.Rg6 Qb8 38.Qd2 Rh5
39.Bg4 Rg5 40.Qc2 Qh8 41.Rxg5 fxg5 42.Qg6 Qf6+ 43.Bf5 Qxg6 44.Bxg6 Kd6 45.Bf7 Bd8
46.Kg4 Be7 47.Kf5 Bd8 48.Bh5 Be7 49.Bg4 Bd8 50.Kg6 Be7 51.Kf7 Bd8 52.Bf3 Be7
53.Bxd5 g4 54.Bxc4 g3 55.Bf1 Bd8 56.Bg2 Bg5 57.b4 Bh4 58.bxa5 bxa5 59.c4  1-0

[Event "Budapest Elekes"]
[Site "Budapest"]
[Date "1995.??.??"]
[Round "5"]
[White "Enders, Peter"]
[Black "Farago, Ivan"]
[Result "1-0"]
[WhiteElo "2460"]
[BlackElo "2515"]

1.e4 e6 2.d4 d5 3.Nc3 Bb4 4.e5 Ne7 5.a3 Bxc3+ 6.bxc3 c5 7.Nf3 Bd7 8.Rb1 Qc7
9.Bd3 Ba4 10.O-O Nd7 11.Re1 h6 12.dxc5 Nxc5 13.Rb4 Nxd3 14.Qxd3 Qd7 15.Nd4 Rc8
16.Re3 a5 17.Rb1 Ng6 18.Bd2 Rc4 19.Kh1 O-O 20.Rbe1 Nf4 21.Qf1 f6 22.Rg3 Rxd4
23.cxd4 Bb5 24.Qg1 fxe5 25.Rxe5 Ne2 26.Rxe2 Bxe2 27.Bxh6 Rf7 28.Qe1 Qb5 29.h3 Kh7
30.Bd2 Rc7 31.Rb3 Qa6 32.Re3 Bh5 33.Rxe6 Qc4 34.Bxa5 Rf7 35.c3 Qa2 36.Kg1 Qxa3
37.Qb1+  1-0

[Event "HUN-ch"]
[Site "Budapest"]
[Date "1995.??.??"]
[Round "7"]
[White "Groszpeter, Attila"]
[Black "Farago, Ivan"]
[Result "1/2-1/2"]
[WhiteElo "2520"]
[BlackElo "2515"]

1.e4 e6 2.d4 d5 3.Nc3 Bb4 4.e5 Ne7 5.a3 Bxc3+ 6.bxc3 c5 7.Qg4 O-O 8.Bd3 f5
9.exf6 Rxf6 10.Bg5 Rf7 11.Qh4 h6 12.Bxe7 Rxe7 13.Nf3 Nc6 14.O-O c4 15.Bg6 Bd7
16.Rab1 Be8 17.Bxe8 Qxe8 18.Qg3 Kh7 19.Rfe1 Qg6 20.Qxg6+ Kxg6 21.Ne5+ Nxe5
22.Rxe5 Rd8 23.f4 Kf7 24.Rb5 Red7  1/2-1/2

[Event "Buenos Aires VII Najdorf op"]
[Site "Buenos Aires"]
[Date "1995.??.??"]
[Round "4"]
[White "Giaccio, Alfredo"]
[Black "Justo, Damian"]
[Result "1-0"]
[WhiteElo "2390"]
[BlackElo "2285"]

1.e4 e6 2.d4 d5 3.Nc3 Bb4 4.e5 Qd7 5.a3 Bf8 6.h4 b6 7.h5 h6 8.Be3 Ne7 9.f4 Nbc6
10.Nf3 Bb7 11.Bd3 O-O-O 12.b4 Nf5 13.Bf2 g6 14.g4 Nfe7 15.Ne2 Bg7 16.c3 Rdg8
17.hxg6 fxg6 18.Qc2 Kb8 19.O-O-O Nd8 20.Bh4 h5 21.gxh5 gxh5 22.Rdg1 Bh6 23.Kb2 Rxg1
24.Rxg1 Bc6 25.Bf6 Rf8 26.Rh1 Ng8 27.Bg5 Ba4 28.Qd2 Qf7 29.f5 Bxg5 30.Nxg5 Qe8
31.f6 Nxf6 32.exf6 Rxf6 33.Qe3 Qh8 34.Nf4 h4 35.Ng6 Qh5 36.Ne5 Qh6 37.Ng4  1-0

[Event "Buenos Aires VII Najdorf op"]
[Site "Buenos Aires"]
[Date "1995.??.??"]
[Round "9"]
[White "German, Gustavo"]
[Black "Rodriguez, Andres"]
[Result "1-0"]
[WhiteElo "2425"]
[BlackElo "2485"]

1.e4 e6 2.d4 d5 3.Nc3 Bb4 4.e5 Ne7 5.Bd2 Nf5 6.Qg4 c5 7.dxc5 Nc6 8.Nf3 Bxc5
9.Bd3 h5 10.Qf4 Nce7 11.Nh4 d4 12.Na4 Nd5 13.Qe4 Bb4 14.Nxf5 Bxd2+ 15.Kxd2 exf5
16.Qxd4 Qg5+ 17.Ke1 Qxg2 18.Rf1 O-O 19.Kd2 Qxh2 20.Qxd5 Qf4+ 21.Ke2 Qxa4
22.f4 Be6 23.Qf3 a6 24.Rg1 Kh7 25.b3 Qd4 26.Rad1 Qb4 27.a3 Qxa3 28.Qxb7 Qc5
29.Rxg7+ Kxg7 30.Qg2+ Kh7 31.Rh1  1-0

[Event "BUL-ch"]
[Site "?"]
[Date "1995.??.??"]
[Round "?"]
[White "Georgiev, Vladimir"]
[Black "Panbukchian, Valentin"]
[Result "1-0"]
[WhiteElo "2450"]
[BlackElo "2395"]

1.e4 e6 2.d4 d5 3.Nc3 Bb4 4.e5 Ne7 5.Qg4 c5 6.Nf3 Nbc6 7.a3 Qa5 8.Bd2 cxd4
9.Nxd4 Nxd4 10.Qxd4 Nc6 11.Qg4 O-O 12.O-O-O Bxc3 13.Bxc3 Qc7 14.Bd3 a5 15.h4 Rd8
16.f4 d4 17.Be1 Ne7 18.h5 Nf5 19.Bh4 Nxh4 20.Qxh4 h6 21.g4 Kf8 22.g5 Qe7
23.Qg4 Bd7 24.gxh6 gxh6 25.Rhg1 Ke8 26.Qg8+ Qf8 27.Qh7 Ke7 28.Rg7  1-0

[Event "Bytom op"]
[Site "Bytom"]
[Date "1995.??.??"]
[Round "?"]
[White "Murawski, Grzegorz"]
[Black "Morkisz, Bogdan"]
[Result "1-0"]
[WhiteElo "2215"]
[BlackElo "2200"]

1.e4 e6 2.d4 d5 3.Nc3 Bb4 4.e5 Qd7 5.Qg4 f5 6.Qg3 b6 7.Ne2 Ba6 8.h4 Nc6 9.Be3 Na5
10.a3 Bxc3+ 11.Nxc3 Bxf1 12.Kxf1 O-O-O 13.b3 g6 14.h5 Ne7 15.Bg5 Rde8 16.Qd3 Nec6
17.Bf6 Rhg8 18.hxg6 hxg6 19.f4 Ref8 20.Kf2 Rf7 21.Rh6 Rh7 22.Rah1 Rxh6 23.Rxh6 Kb7
24.Ne2 Nb8 25.a4 a6 26.Ng1 Nbc6 27.Nf3 Nb4 28.Qd2 c5 29.Ng5 Ka8 30.Rh7 Qc8
31.c3 Nxb3 32.Qd1 Nc1 33.cxb4 cxb4 34.Nxe6 Qc4 35.Nc7+ Kb8 36.Nxa6+ Qxa6
37.Qxc1 Rc8 38.Qd1 Qc4 39.e6 b3 40.e7 Qc2+ 41.Qxc2 bxc2 42.Rh1 Kc7 43.Rc1 Kd7
44.Ke2 Rc6 45.Bg5  1-0

[Event "Cannes op"]
[Site "Cannes"]
[Date "1995.??.??"]
[Round "1"]
[White "Olivier, Jean Christophe"]
[Black "Apicella, Manuel"]
[Result "1/2-1/2"]
[WhiteElo "2360"]
[BlackElo "2505"]

1.e4 e6 2.d4 d5 3.Nc3 Bb4 4.e5 Ne7 5.a3 Bxc3+ 6.bxc3 c5 7.Qg4 O-O 8.Nf3 Nbc6
9.Bd3 f5 10.exf6 Rxf6 11.Bg5 Rf7 12.Bxe7 Rxe7 13.Qh4 h6 14.O-O c4 15.Bg6 Bd7
16.Rfe1 Be8 17.Bxe8 Rxe8 18.Qxd8 Raxd8 19.Rab1 Re7 20.Kf1 Rd6 21.a4 Nd8 22.Ne5 Ra6
23.Rb4 Nc6 24.Nxc6 bxc6 25.Ke2 c5 26.dxc5 Rc7 27.f4 Rxc5 28.Ke3 Rca5 29.Kd4 Kf7
30.Rb7+ Kf6 31.f5 exf5 32.Ree7 g5 33.Rg7 f4 34.Rbf7+ Ke6 35.g4 fxg3 36.hxg3 Rxa4
37.Rf2 Ra1 38.Rg6+ Ke7 39.Rg7+ Ke6 40.Rg6+ Ke7 41.Rg7+ Ke6  1/2-1/2

[Event "Cannes op"]
[Site "Cannes"]
[Date "1995.??.??"]
[Round "5"]
[White "Mrdja, Milan"]
[Black "Apicella, Manuel"]
[Result "0-1"]
[WhiteElo "2435"]
[BlackElo "2505"]

1.e4 e6 2.d4 d5 3.Nc3 Bb4 4.e5 Ne7 5.Nf3 b6 6.Bd2 Nf5 7.Ne2 Be7 8.Ng3 Nxg3
9.hxg3 a5 10.c3 Ba6 11.Bxa6 Nxa6 12.Qc2 h6 13.g4 Kd7 14.a3 c6 15.Ke2 b5 16.Qd3 Nc7
17.Rh5 b4 18.cxb4 axb4 19.a4 b3 20.Qxb3 Qc8 21.Qd3 Qb7 22.Rhh1 Rhb8 23.Rhb1 Na6
24.b3 Qc8 25.Kf1 Nb4 26.Bxb4 Rxb4 27.Ne1 Qb7 28.Nc2 Rb6 29.Rb2 Rb8 30.Rab1 Qa7
31.g3 Ke8 32.Kg2 c5 33.dxc5 Bxc5 34.b4 Qxa4 35.f4 Be7 36.f5 Qb5 37.Qf3 Qc4
38.Ne3 Qd4 39.b5 Qxe5 40.fxe6 fxe6 41.Rb3 Kd7 42.Nd1 Rf8 43.Qd3 Bc5 44.Qc2 h5
45.gxh5 Rf5 46.Rc1 Rb8 47.g4 Rf4 48.Qxc5 Qe4+ 49.Kh3 Qh1+ 50.Kg3 Rxg4+ 51.Kxg4 Qg2+
52.Rg3 Qe4+ 53.Kh3 Qh1+ 54.Kg4 Qe4+ 55.Kg5 Qf5+ 56.Kh4 g5+ 57.Rxg5 Qf4+ 58.Kh3 Qf3+
59.Rg3 Qh1+ 60.Kg4 Rg8+ 61.Kf4  0-1

[Event "Cappelle op"]
[Site "Cappelle la Grande"]
[Date "1995.??.??"]
[Round "2"]
[White "Hunt, Adam"]
[Black "Nei, Iivo"]
[Result "0-1"]
[WhiteElo "2205"]
[BlackElo "2420"]

1.e4 e6 2.d4 d5 3.Nc3 Bb4 4.e5 Qd7 5.Qg4 f5 6.Qh5+ Qf7 7.Qxf7+ Kxf7 8.a3 Be7
9.f4 b6 10.Nf3 c6 11.h3 Ba6 12.Ne2 h5 13.Ng5+ Bxg5 14.fxg5 Ne7 15.Be3 Nd7
16.Nf4 Bxf1 17.Rxf1 c5 18.c3 Ng6 19.Nxg6 Kxg6 20.h4 Rhc8 21.Kd2 Rc6 22.Rac1 Rac8
23.g3 cxd4 24.cxd4 Rxc1 25.Rxc1 Rxc1 26.Kxc1 f4 27.gxf4 Kf5 28.Kd2 Nf8 29.Ke2 Ke4
30.Bd2 Ng6 31.f5 Kxf5 32.Kf3 Nxh4+ 33.Kg3 Ng6 34.Kf3 Ne7 35.Be3 Nc6 36.b4 b5  0-1

[Event "Cappelle op"]
[Site "Cappelle la Grande"]
[Date "1995.??.??"]
[Round "7"]
[White "Velikhanli, Firuza"]
[Black "Shtyrenkov, Veniamen"]
[Result "0-1"]
[WhiteElo "2340"]
[BlackElo "2460"]

1.e4 e6 2.d4 d5 3.Nc3 Bb4 4.e5 b6 5.Qg4 Bf8 6.Nf3 Qd7 7.h4 h5 8.Qf4 Ba6 9.Be2 Nh6
10.a4 Bb4 11.Bd2 Bxe2 12.Nxe2 Bxd2+ 13.Qxd2 Nc6 14.Nf4 Nf5 15.c3 Na5 16.Qd3 Nb3
17.Ra3 c5 18.Qd1 Na5 19.b3 cxd4 20.Nxd4 Nxd4 21.Qxd4 Nc6 22.Qe3 Qc7 23.Nd3 Ne7
24.b4 Nf5 25.Qf4 Rc8 26.g3 Qb7 27.O-O Rc4 28.Qf3 g6 29.Re1 O-O 30.a5 Qc7
31.axb6 axb6 32.Nb2 Rg4 33.Kf1 Rc8 34.Re2 b5 35.Nd3 d4 36.Nc5 dxc3 37.Qxc3 Rc4
38.Qd2 Qc6 39.Kg1 Nd4 40.Ree3 Rxb4 41.Qxb4 Nc2 42.Qe4 Nxa3 43.Rxa3 Qxc5 44.Rf3 Qc6
45.Qd3 b4 46.Kh2 Qd5 47.Qxd5 exd5 48.Rb3 Rb8 49.Kg2 Kf8 50.Kf3 Ke7 51.Ke3 Ke6
52.Kd4 Rb5 53.f4 Kf5 54.Ke3 Kg4 55.Ke2 Kf5 56.Ke3 Ke6 57.Kf3 f6 58.exf6 Kxf6
59.Ke3 Ke6 60.Kd4 Kd6 61.Kd3 Kc5 62.Kd2 d4 63.g4 Kc4 64.Rg3 b3 65.Kc1 b2+
66.Kb1 d3 67.gxh5 d2 68.Rg1 gxh5 69.f5 Rd5 70.Rd1 Kc3  0-1

[Event "Coria op"]
[Site "Coria"]
[Date "1995.??.??"]
[Round "8"]
[White "Ramos Suria, Felix"]
[Black "Matamoros Franco, Carlos S"]
[Result "0-1"]
[WhiteElo "2210"]
[BlackElo "2430"]

1.e4 e6 2.d4 d5 3.Nc3 Bb4 4.e5 Ne7 5.a3 Bxc3+ 6.bxc3 c5 7.Qg4 Qc7 8.Bd3 c4
9.Be2 Nf5 10.Qh3 Na6 11.Nf3 Bd7 12.g4 Ne7 13.O-O O-O-O 14.Ng5 Rdf8 15.f4 f5
16.Qg3 h6 17.Nh3 fxg4 18.Bxg4 Nf5 19.Bxf5 Rxf5 20.Bd2 Be8 21.Nf2 Bh5 22.Ng4 Bxg4
23.Qxg4 Qf7 24.Rf2 g5 25.Raf1 h5 26.Qe2 g4 27.Kh1 Nc7 28.Qe3 Qg6 29.Rg2 Rf7
30.Qe2 Qxc2 31.Qd1 Qxd1 32.Rxd1  0-1

[Event "CZE-chT1c 9495"]
[Site "?"]
[Date "1995.??.??"]
[Round "2"]
[White "Mikulcik, Ladislav"]
[Black "Misiuga, Andrzej"]
[Result "1/2-1/2"]
[WhiteElo "2305"]
[BlackElo "2225"]

1.e4 e6 2.d4 d5 3.Nc3 Bb4 4.e5 b6 5.a3 Bf8 6.Nf3 Qd7 7.Bb5 Nc6 8.O-O Bb7
9.b4 a6 10.Bd3 Na7 11.Qe2 Nb5 12.Nxb5 axb5 13.c3 c6 14.Qc2 Ne7 15.a4 Nc8
16.Be3 bxa4 17.Rxa4 Rxa4 18.Qxa4 Be7 19.Ra1 O-O 20.Qc2 h6 21.Qd2 f5 22.exf6 Bxf6
23.Ne5 Bxe5 24.dxe5 Qc7 25.f4 c5 26.bxc5 bxc5 27.Qf2 d4 28.cxd4 c4 29.Rc1 Bd5
30.Bb1 Ne7 31.Qc2 g6 32.g4 Rb8 33.h4 Ba8 34.d5 Bxd5 35.h5 Ba8 36.hxg6 Qb7
37.Kh2 Kg7 38.f5 exf5 39.e6 Qc7+ 40.Kh3 fxg4+ 41.Kxg4 Qe5 42.Qf2 Qxe6+ 43.Kh4 Be4
44.Bd4+ Kg8 45.Qf7+ Qxf7 46.gxf7+ Kxf7 47.Bxe4 Rc8 48.Kh5 Ke6 49.Rf1 c3 50.Rf6+ Kd7
51.Bc2 Rc4 52.Be3 Nd5 53.Rf3 Ke6 54.Bb3 Rb4 55.Bxd5+ Kxd5 56.Bxh6 Kc4 57.Rf4+  1/2-1/2

[Event "CZE-chT1c 9495"]
[Site "?"]
[Date "1995.??.??"]
[Round "4"]
[White "Babula, Milan"]
[Black "Misiuga, Andrzej"]
[Result "1-0"]
[WhiteElo "2285"]
[BlackElo "2225"]

1.e4 e6 2.d4 d5 3.Nc3 Bb4 4.e5 b6 5.f4 Qd7 6.Bd2 Nh6 7.Nf3 Ba6 8.Bxa6 Nxa6
9.Ne2 Nf5 10.c3 Be7 11.g4 Nh4 12.Ng3 Qb5 13.b3 Qd3 14.Rf1 c5 15.Qe2 Nxf3+
16.Rxf3 Qxe2+ 17.Kxe2 Nb8 18.f5 Nc6 19.Kd3 g6 20.Raf1 Kd7 21.Ne2 Rag8 22.fxe6+ fxe6
23.Bh6 Nd8 24.h4 Ke8 25.c4 dxc4+ 26.bxc4 cxd4 27.Nxd4 Kd7 28.Ke4 a6 29.Rb1 Kc7
30.Bg5 Re8 31.Bxe7 Rxe7 32.Rfb3 Rf7 33.Rxb6 Rhf8 34.Nxe6+ Nxe6 35.Rxe6 Rf4+
36.Kd5 Rd8+ 37.Rd6 Rxg4 38.Rb6 Rxh4 39.Rc6+  1-0

[Event "DEN-chT 9495"]
[Site "?"]
[Date "1995.??.??"]
[Round "5"]
[White "Barkhagen, Jonas"]
[Black "Sorensen, Jan"]
[Result "1-0"]
[WhiteElo "2430"]
[BlackElo "2390"]

1.e4 e6 2.d4 d5 3.Nc3 Bb4 4.e5 Qd7 5.Bd2 b6 6.Bb5 c6 7.Ba4 a5 8.a3 Bxc3 9.Bxc3 Ba6
10.Qg4 f5 11.Qg3 Bb5 12.Bxb5 cxb5 13.Ne2 Nc6 14.Bd2 Qf7 15.O-O Rc8 16.Rfc1 Na7
17.a4 b4 18.c3 bxc3 19.Rxc3 Ne7 20.b4 axb4 21.Rxc8+ Naxc8 22.Rc1 O-O 23.Bxb4 f4
24.Qf3 Qf5 25.h3 g5 26.Kh2 Re8 27.Rc7 Qg6 28.h4 h6 29.Qg4 Qf5 30.Qh5 Qg6
31.Qxg6+ Nxg6 32.hxg5 hxg5 33.Kh3 Nh8 34.Ng1 Nf7 35.Nf3 Nh6 36.Nxg5 Nf5 37.Nf3 Rd8
38.Kg4 Re8 39.Kxf4 Nce7 40.Kg5 Kf7 41.g4 Ng7 42.Kf4  1-0

[Event "Dresden op"]
[Site "Dresden"]
[Date "1995.??.??"]
[Round "?"]
[White "Tischbierek, Raj"]
[Black "Rausch, Stephan"]
[Result "1-0"]
[WhiteElo "2495"]
[BlackElo "2290"]

1.e4 e6 2.d4 d5 3.Nc3 Bb4 4.e5 Ne7 5.a3 Bxc3+ 6.bxc3 c5 7.Nf3 b6 8.Bb5+ Bd7
9.Bd3 Ba4 10.O-O h6 11.Re1 Qc7 12.Bf4 Nbc6 13.h4 Na5 14.h5 Qc6 15.Rb1 a6
16.dxc5 bxc5 17.Nd2 Bb5 18.Qg4 Bxd3 19.cxd3 Nf5 20.Qf3 O-O 21.g4 Ne7 22.Bg3 Qa4
23.Bh4 Ra7 24.c4 Nac6 25.Bxe7 Nxe7 26.Qe3 Rc8 27.Rb3 Rac7 28.Kh2 Rd7 29.Reb1 dxc4
30.Nxc4 Rcd8 31.f3 Rd4 32.Nd6 Nd5 33.Qc1 Qc6 34.Rb8 Rxb8 35.Rxb8+ Kh7 36.Nxf7  1-0

[Event "Dresden Uhlmann"]
[Site "Dresden"]
[Date "1995.??.??"]
[Round "3"]
[White "Knaak, Rainer"]
[Black "Portisch, Lajos"]
[Result "1/2-1/2"]
[WhiteElo "2540"]
[BlackElo "2585"]

1.e4 e6 2.d4 d5 3.Nc3 Bb4 4.e5 b6 5.a3 Bf8 6.Bb5+ Bd7 7.Bd3 c5 8.Nf3 Nc6
9.O-O a6 10.dxc5 bxc5 11.b3 Nge7 12.Re1 Ng6 13.Na4 Qc7 14.Qe2 Nb8 15.Nb2 Be7
16.Bd2 Bc6 17.c4 d4 18.b4 Nd7 19.b5 Bxf3 20.Qxf3 Rb8 21.Bxg6 hxg6 22.a4 O-O
23.Nd3 Rfc8 24.Qe2 Qb7 25.Nc1 Ra8 26.Nb3 axb5 27.axb5 Rxa1 28.Rxa1 Ra8 29.Na5 Qc7
30.f4 Bf8 31.Qe4 Nb6 32.Ra3 Qd7 33.Qe2 Be7 34.g4 f6 35.Rh3 fxe5 36.Qxe5 d3
37.Qe4 e5 38.f5 gxf5 39.gxf5 Qd4+ 40.Qxd4 cxd4 41.Rxd3 e4 42.Rb3 d3 43.Kg2 Kf7
44.Rb1 Bc5 45.Nb3 Nxc4 46.Nxc5 Nxd2 47.Rb4 Ra2 48.Kh3 Nc4 49.Nxe4 d2 50.Nxd2 Nxd2
51.b6  1/2-1/2

[Event "Nord Cup 1st"]
[Site "Duesseldorf"]
[Date "1995.??.??"]
[Round "3"]
[White "Michalczak, Thomas"]
[Black "Kucheyda, Joerg"]
[Result "1/2-1/2"]
[WhiteElo "2330"]
[BlackElo "1875"]

1.e4 e6 2.d4 d5 3.Nc3 Bb4 4.e5 Ne7 5.a3 Bxc3+ 6.bxc3 c5 7.Qg4 Qc7 8.Qxg7 Rg8
9.Qxh7 cxd4 10.Ne2 Nbc6 11.f4 Bd7 12.Qd3 dxc3 13.Qxc3 Rc8 14.Rb1 Nf5 15.Bd2 b6
16.g3 Qd8 17.Qd3 Rc7 18.Bg2 Qc8 19.O-O Nb8 20.Bh3 Ne7 21.Nd4 Na6 22.f5 Nc5
23.Qf3 exf5 24.Qh5 Ne4 25.Bb4 Rxc2 26.Nxc2 Qxc2 27.Bxe7 Nxg3 28.hxg3 Rxg3+
29.Kh1 Qe4+ 30.Kh2 Qxe5 31.Bf6 Rxh3+  1/2-1/2

[Event "Catalunya-chT"]
[Site "ESP"]
[Date "1995.??.??"]
[Round "?"]
[White "Fernandez, Juan Luis"]
[Black "Rahal, Michael"]
[Result "1-0"]
[WhiteElo "2315"]
[BlackElo "2330"]

1.e4 e6 2.d4 d5 3.Nc3 Bb4 4.e5 Ne7 5.Nf3 c5 6.dxc5 Bxc3+ 7.bxc3 Qa5 8.Bd3 Qxc3+
9.Bd2 Qxc5 10.O-O Nbc6 11.Rb1 Ng6 12.Re1 Qe7 13.Rb3 O-O 14.Bc1 Qc7 15.h4 Bd7
16.Ba3 Rfc8 17.Bd6 Qd8 18.Ng5 Be8 19.Nxh7 Kxh7 20.h5 Na5 21.hxg6+ fxg6 22.Re3 Nxb3
23.Rh3+ Kg8 24.Qf3 Bf7 25.Qf4 Nd4 26.Qh2 Nf3+ 27.Rxf3 Qg5 28.Rh3  1-0

[Event "Catalunya-chT"]
[Site "ESP"]
[Date "1995.??.??"]
[Round "?"]
[White "Fernandez Aguado, Enrique"]
[Black "Rahal, Michael"]
[Result "1-0"]
[WhiteElo "2305"]
[BlackElo "2330"]

1.e4 e6 2.d4 d5 3.Nc3 Bb4 4.e5 Ne7 5.Nf3 c5 6.dxc5 Nbc6 7.Bd3 Bxc3+ 8.bxc3 Qa5
9.O-O Qxc3 10.Bd2 Qxc5 11.Rb1 Ng6 12.Re1 Qe7 13.Rb3 O-O 14.Bc1 Qc7 15.h4 Bd7
16.Ba3 Rfc8 17.Bd6 Qd8 18.Ng5 Be8 19.Nxh7 Kxh7 20.h5 Na5 21.hxg6+ fxg6 22.Re3 Nxb3
23.Rh3+ Kg8 24.Qf3 Bf7 25.Qf4 Nd4 26.Qh2 Nf3+ 27.Rxf3 Qg5 28.Rh3  1-0

[Event "Catalunya-chT"]
[Site "ESP"]
[Date "1995.??.??"]
[Round "?"]
[White "Cuadras, Jorge"]
[Black "Simon Padros, Emili"]
[Result "0-1"]
[WhiteElo "2300"]
[BlackElo "2215"]

1.e4 e6 2.d4 d5 3.Nc3 Bb4 4.e5 Qd7 5.a3 Bxc3+ 6.bxc3 b6 7.Nf3 Nc6 8.c4 dxc4
9.Bxc4 Bb7 10.O-O Nge7 11.Bd3 O-O-O 12.Be3 f5 13.exf6 gxf6 14.Qe2 Kb8 15.Bf4 Nxd4
16.Nxd4 Qxd4 17.Qxe6 Qxf4 18.Qxe7 Bxg2 19.Rfe1 Rdg8  0-1

[Event "Foment op"]
[Site "Foment"]
[Date "1995.??.??"]
[Round "5"]
[White "Herrera, Laura"]
[Black "Brugarolas, Carlos"]
[Result "1-0"]
[WhiteElo "2065"]
[BlackElo "2045"]

1.e4 e6 2.d4 d5 3.Nc3 Bb4 4.e5 Ne7 5.f4 c5 6.a3 Bxc3+ 7.bxc3 Nbc6 8.Nf3 Bd7
9.Bd3 cxd4 10.cxd4 Qa5+ 11.Bd2 Qa4 12.c4 Qxd1+ 13.Rxd1 dxc4 14.Bxc4 O-O 15.O-O Rac8
16.Ba2 h5 17.Rf2 Rfd8 18.f5 Nxf5 19.Bg5 Nce7 20.Bxe7 Nxe7 21.Ng5 Rf8 22.Ne4 Ba4
23.Rdf1 Rc2 24.Nc5 Rxf2 25.Rxf2 Bb5 26.a4 Bc6 27.Nxe6 Rc8 28.Nxg7 Kxg7 29.Rxf7+ Kg6
30.Rxe7 Bxa4 31.Bb1+ Kg5 32.Kf2 Rf8+ 33.Ke3 Bc6 34.Rg7+ Kh4 35.Ba2 Rf1 36.Be6 Re1+
37.Kd2  1-0

[Event "Frydek-Mistek op"]
[Site "Frydek-Mistek"]
[Date "1995.??.??"]
[Round "?"]
[White "Pinkas, Karol"]
[Black "Komora, Andrej"]
[Result "1-0"]
[WhiteElo "2370"]
[BlackElo "2095"]

1.e4 e6 2.d4 d5 3.Nc3 Bb4 4.e5 Ne7 5.a3 Bxc3+ 6.bxc3 c5 7.a4 Nbc6 8.Nf3 Qa5
9.Bd2 c4 10.g3 Bd7 11.Bg2 O-O-O 12.O-O f5 13.exf6 gxf6 14.Qc1 e5 15.dxe5 fxe5
16.Bg5 Rde8 17.Rb1 e4 18.Qb2 b6 19.Nd2 Nf5 20.Qa3 Ne5 21.Rb4 Qc5 22.a5 Nc6
23.axb6 Nxb4 24.Qxa7 Qc6 25.cxb4 Qb7 26.Qa5 Re6 27.Qc5+ Rc6 28.Qxd5 Rxb6
29.Nxc4 Rb5 30.Qf7 Qc6 31.Ra1 Re8 32.Bh3 h6 33.Bf4 Re7 34.Nd6+ Qxd6 35.Qf8+ Re8
36.Qxe8+ Bxe8 37.Bxd6 Bd7 38.Bc5 e3 39.fxe3 Kb7 40.Ra7+  1-0

[Event "NRW-Liga II 9495"]
[Site "Germany"]
[Date "1995.??.??"]
[Round "?"]
[White "Auer, Martin"]
[Black "Maus, Siegfried"]
[Result "1-0"]
[WhiteElo "2315"]
[BlackElo "2300"]

1.e4 e6 2.d4 d5 3.Nc3 Bb4 4.e5 Ne7 5.Nf3 c5 6.dxc5 Nbc6 7.Bd3 Ng6 8.Qe2 d4
9.a3 Qa5 10.Rb1 Bxc5 11.b4 Nxb4 12.axb4 Bxb4 13.O-O Bxc3 14.Bb5+ Kf8 15.Bd3 a6
16.h4 Ne7 17.Ng5 h6 18.Ne4 Nc6 19.f4 Bb4 20.h5 Be7 21.Bd2 Qc7 22.Qg4 a5 23.Rf3 Nb4
24.Rg3 Rg8 25.Bxb4 axb4 26.Nf6 Bxf6 27.exf6 g5 28.hxg6 e5 29.g7+ Ke8 30.Qe2 Be6
31.fxe5 Qc5 32.Qf2 Ra3 33.Qe1 Rc3 34.Qe4 Rxc2 35.Qxb7  1-0

[Event "NRW-Liga II 9495"]
[Site "Germany"]
[Date "1995.??.??"]
[Round "?"]
[White "Rosen, Willy"]
[Black "Maus, Siegfried"]
[Result "1-0"]
[WhiteElo "2260"]
[BlackElo "2300"]

1.e4 e6 2.d4 d5 3.Nc3 Bb4 4.e5 Ne7 5.Bd2 O-O 6.Bd3 Nd7 7.Nh3 h6 8.Qh5 Nf5
9.Bxf5 exf5 10.O-O-O Bxc3 11.Bxc3 Nb6 12.Rd3 Kh7 13.Bd2 Qe7 14.Bg5 Qe6 15.Nf4 Qc6
16.Re1 Bd7 17.Rh3 Rae8 18.e6 Bxe6  1-0

[Event "BL2-W9495"]
[Site "Germany"]
[Date "1995.??.??"]
[Round "?"]
[White "Balcerak, Jakob"]
[Black "Mueller, HG."]
[Result "0-1"]
[WhiteElo "2250"]
[BlackElo "2280"]

1.e4 e6 2.d4 d5 3.Nc3 Bb4 4.e5 Ne7 5.a3 Bxc3+ 6.bxc3 b6 7.Nf3 Ba6 8.Bxa6 Nxa6
9.Qe2 Nb8 10.a4 Nbc6 11.h4 Qd7 12.h5 h6 13.Ba3 Na5 14.Bb4 Nc4 15.Nd2 Nxd2
16.Qxd2 O-O 17.g4 f6 18.Rg1 Kh8 19.f4 Rac8 20.Qe3 fxe5 21.fxe5 c5 22.dxc5 Nc6
23.g5 d4 24.Qg3 hxg5 25.O-O-O Rf5 26.cxb6 Nxb4 27.Rxd4 Nd5 28.h6 g6 29.Rgd1 axb6
30.c4 Qxa4 31.Rxd5 exd5 32.e6 Qxc4  0-1

[Event "NRW-Liga I 9495"]
[Site "Germany"]
[Date "1995.??.??"]
[Round "?"]
[White "Pinkas, Karol"]
[Black "Mainka, Gregor"]
[Result "1-0"]
[WhiteElo "2335"]
[BlackElo "2390"]

1.e4 e6 2.d4 d5 3.Nc3 Bb4 4.e5 Ne7 5.Bd2 O-O 6.Bd3 c5 7.dxc5 Nbc6 8.Qg4 Ng6
9.Nf3 Bxc5 10.Qg3 Bd7 11.h4 f5 12.exf6 Qxf6 13.Bg5 Qf7 14.Be3 d4 15.h5 Nf4
16.Bxh7+ Kh8 17.Ng5 Qe7 18.h6 Nxg2+ 19.Qxg2 g6 20.O-O-O dxe3 21.Bxg6 e2 22.Nxe2 Rxf2
23.Qg3 e5 24.Nf7+ Rxf7 25.Bxf7 Qxf7 26.Qg7+ Qxg7 27.hxg7+ Kg8 28.Rxd7  1-0

[Event "BL2-O9495"]
[Site "Germany"]
[Date "1995.??.??"]
[Round "?"]
[White "Grabarczyk, Bogdan"]
[Black "Spiess, Gunter"]
[Result "1/2-1/2"]
[WhiteElo "2345"]
[BlackElo "2360"]

1.e4 e6 2.d4 d5 3.Nc3 Bb4 4.e5 Ne7 5.a3 Bxc3+ 6.bxc3 c5 7.Qg4 Qc7 8.Qxg7 Rg8
9.Qxh7 cxd4 10.Kd1 Nd7 11.Nf3 Nxe5 12.Bf4 Qxc3 13.Nxe5 Qxa1+ 14.Bc1 d3 15.Qxf7+ Kd8
16.Qf6 dxc2+ 17.Kxc2 Qa2+ 18.Bb2 Bd7 19.Nf7+ Ke8 20.Nd6+ Kd8 21.Bd3 Ba4+
22.Kd2 Kd7 23.Re1 Nc6 24.Nxb7 Raf8 25.Nc5+ Kd6 26.Qc3 Rxf2+ 27.Re2 Rxe2+
28.Bxe2 Rxg2 29.Nxa4 Qc4  1/2-1/2

[Event "BL2-N9495"]
[Site "Germany"]
[Date "1995.??.??"]
[Round "?"]
[White "Gaerths, Ronny"]
[Black "Panzer, Peter"]
[Result "1-0"]
[WhiteElo "2285"]
[BlackElo "2380"]

1.e4 e6 2.d4 d5 3.Nc3 Bb4 4.e5 b6 5.a3 Bf8 6.Nf3 Qd7 7.b4 Ne7 8.Bd3 Bb7 9.O-O Nbc6
10.Ne2 O-O-O 11.Bd2 f5 12.b5 Nb8 13.a4 a5 14.bxa6 Bxa6 15.Qb1 Kb7 16.Qb3 Nc8
17.Rfb1 Na7 18.Bb5 Qf7 19.Nc3 Nac6 20.Bxa6+ Nxa6 21.a5 Bb4 22.axb6 cxb6 23.Nb5  1-0

[Event "BL2-S9495"]
[Site "Germany"]
[Date "1995.??.??"]
[Round "?"]
[White "Velicka, Petr"]
[Black "Biebinger, Gerhard"]
[Result "1-0"]
[WhiteElo "2415"]
[BlackElo "2310"]

1.e4 e6 2.d4 d5 3.Nc3 Bb4 4.e5 b6 5.Qg4 Bf8 6.Nf3 Qd7 7.a4 Nc6 8.Bd2 Bb7
9.Be2 Nge7 10.Nh4 O-O-O 11.O-O-O Kb8 12.Qf4 Qe8 13.g4 Rc8 14.Kb1 a6 15.Na2 h6
16.Qe3 Na7 17.a5 Nec6 18.axb6 cxb6 19.f4 b5 20.f5 Be7 21.Ng2 Bd8 22.Nf4 Bb6
23.Be1 g5 24.Nh5 exf5 25.gxf5 Qd8 26.Bg3 Ka8 27.Bg4 b4 28.Nc1 Nb5 29.Nb3 a5
30.Be2 Nca7 31.Nc5 a4 32.Nxa4 Nc3+ 33.bxc3 bxc3 34.Nxc3 Ba5 35.Na2 Qc7 36.c3 Qe7
37.Be1 Rc4 38.Bxc4 dxc4 39.d5 Rb8 40.Ka1 Qd7 41.Bf2 Nb5 42.e6 fxe6 43.fxe6 Qh7
44.Qc5  1-0

[Event "NRW-Liga I 9495"]
[Site "Germany"]
[Date "1995.??.??"]
[Round "?"]
[White "Henrichs, Thomas"]
[Black "Weber, Peter"]
[Result "1-0"]
[WhiteElo "2300"]
[BlackElo "2210"]

1.d4 e6 2.e4 d5 3.Nc3 Bb4 4.e5 b6 5.Qg4 Bf8 6.h4 h5 7.Qd1 Qd7 8.Bb5 Nc6 9.Nce2 a6
10.Ba4 b5 11.Bb3 Na5 12.Nf4 g6 13.Nd3 Ne7 14.c3 Nxb3 15.axb3 Nc6 16.b4 a5
17.Bg5 Bb7 18.bxa5 Nxa5 19.Nf3 Qc6 20.Rh3 Nc4 21.Rxa8+ Bxa8 22.Bf6 Rh6 23.Ng5 b4
24.Rf3 bxc3 25.bxc3 Nb6 26.Qc1 Nd7 27.Nxf7 Nxf6 28.Rxf6 Rh7 29.Ng5 Re7 30.Rxg6 Qc4
31.Nf4 Bc6 32.Rg8 Bb5 33.Kd2 Rf7 34.Nxf7 Kxf7 35.Rxf8+ Kxf8 36.Qb1  1-0